Candela / (Registro nro. 7140)

Detalles MARC
000 -LEADER
fixed length control field 00794nam a2200265 u 4500
001 - CONTROL NUMBER
control field 000004414
003 - CONTROL NUMBER IDENTIFIER
control field 000004414
005 - DATE AND TIME OF LATEST TRANSACTION
control field 20180510112622.0
008 - FIXED-LENGTH DATA ELEMENTS--GENERAL INFORMATION
fixed length control field 090630s2008 dr 000 f spa d
020 ## - INTERNATIONAL STANDARD BOOK NUMBER
Canceled/invalid ISBN 9789945111835
040 ## - CATALOGING SOURCE
Original cataloging agency BPMSU
Language of cataloging spa
Transcribing agency BPMSU
082 04 - DEWEY DECIMAL CLASSIFICATION NUMBER
Classification number RD863.5
Item number A577c, 2008
100 1# - MAIN ENTRY--PERSONAL NAME
Personal name Andújar, Rey Emmanuel,
Relator term 1977-
245 10 - TITLE STATEMENT
Title Candela /
Statement of responsibility, etc. Rey Emmanuel Andújar.
250 ## - EDITION STATEMENT
Edition statement 2a. ed.
260 ## - PUBLICATION, DISTRIBUTION, ETC. (IMPRINT)
Place of publication, distribution, etc. Santo Domingo :
Name of publisher, distributor, etc. Santillana,
Date of publication, distribution, etc. 2008
Manufacturer Búho
300 ## - PHYSICAL DESCRIPTION
Extent 148 p. ;
Dimensions 23 cm.
500 ## - GENERAL NOTE
General note Incluye datos biográficos del autor en la solapa
650 #4 - SUBJECT ADDED ENTRY--TOPICAL TERM
Topical term or geographic name as entry element NOVELA DOMINICANA
650 #4 - SUBJECT ADDED ENTRY--TOPICAL TERM
Topical term or geographic name as entry element LITERATURA DOMINICANA
910 ## - USER-OPTION DATA (OCLC)
User-option data Validado. Control de calidad MFF
942 ## - ADDED ENTRY ELEMENTS (KOHA)
Source of classification or shelving scheme Dewey Decimal Classification
Koha item type Libros
945 ## - LOCAL PROCESSING INFORMATION (OCLC)
a Inventariado, 2017 /VM
956 ## - LOCAL ELECTRONIC LOCATION AND ACCESS (OCLC)
Host name VMATEO
Access number 10
Compression information 20150922
Logon BPMSU
Processor of request 0069
Existencias
Withdrawn status Lost status Source of classification or shelving scheme Damaged status Not for loan Collection code Home library Current library Date acquired Source of acquisition Total Checkouts Full call number Barcode Date last seen Price effective from Koha item type Copy number
    Dewey Decimal Classification     Colección Dominicana Biblioteca Pública Metropolitana Salomé Ureña Biblioteca Pública Metropolitana Salomé Ureña 07/14/2014 Alfaguara   RD863.5 A577c 2008 BPMSU15040547 07/14/2014 07/14/2014 Libros  
    Dewey Decimal Classification     Colección Dominicana Biblioteca Pública Metropolitana Salomé Ureña Biblioteca Pública Metropolitana Salomé Ureña 07/14/2014 Alfaguara   RD863.5 A577c 2008 BPMSU15040548 07/14/2014 07/14/2014 Libros e. 2
    Dewey Decimal Classification     Colección Dominicana Biblioteca Pública Metropolitana Salomé Ureña Biblioteca Pública Metropolitana Salomé Ureña 02/16/2018 Alfaguara   RD863.5 A577c, 2008 BPMSU18020161 02/16/2018 02/16/2018 Libros